| 000 | 01215cam a22003257a 4500 | ||
|---|---|---|---|
| 003 | CHAP | ||
| 005 | 20220329133925.0 | ||
| 008 | 971013s1971 mx r 00010 spa d | ||
| 010 | _a12743 | ||
| 011 | _a13715 | ||
| 035 | _a17787 | ||
| 040 | _cCHAP | ||
| 090 | _aFolleto 5251 | ||
| 100 | 0 | 0 |
_aCarvalho Carvalho, Francisco. _919696 |
| 245 | 1 | 0 |
_aNormas generales para la fertilización de los árboles frutales de hoja decidua o caediza _cpor F. Carvalho C. |
| 260 |
_aChapingo, Méx. : _bDepartamento de Extensión Agrícola, _c1971 |
||
| 300 | _a4 p. | ||
| 590 |
_aBATCH-UPD _b10 _c20130110 _lUCH01 _h2103 |
||
| 590 |
_aBATCH-UPD _b10 _c20130410 _lUCH01 _h1415 |
||
| 590 |
_aBATCH-UPD _b10 _c20130914 _lUCH01 _h0854 |
||
| 590 |
_aCONVERSION _b10 _c20130109 _lUCH01 _h1308 |
||
| 650 | 1 | 4 |
_aFertilizantes para árboles frutales. _940629 |
| 901 | _aBK | ||
| 942 | _cFOLL | ||
| 949 |
_aFolleto 5251 _bBC _cFOLL _d-41723 _eTS1 _i17787 _mD _si |
||
| 949 |
_aFolleto 5251 _bBC _cFOLL _d-41724 _eTS2 _fc.2 _i17787 _mD _si |
||
| 949 |
_aFolleto 5251 _bBC _cFOLL _d-41725 _eTS2 _fc.3 _i17787 _mD _si |
||
| 949 |
_aFolleto 5251 _bBC _cFOLL _d-41726 _eTS2 _fc.4 _i17787 _mD _si |
||
| 949 |
_aFolleto 5251 _bBC _cUACH _d33724002125842 _eUACH _fc.5 _i17787 _sb |
||
| 999 |
_c12743 _d12743 |
||